Cargando...
فتافيت امرأة /
| Autor principal: | |
|---|---|
| Formato: | Printed Book |
| LEADER | 00443nam a2200109Ia 4500 | ||
|---|---|---|---|
| 008 | 150527150527b xxu||||| |||| 00| 0 ara d | ||
| 082 | |a 811.95367 | ||
| 100 | |a صباح، سعاد محمد | ||
| 245 | |c by صباح، سعاد محمد |a فتافيت امرأة / | ||
| 942 | |c BK | ||
| 999 | |c 173096 |d 173096 | ||
| 952 | |0 0 |1 0 |4 0 |6 811_953670000000000_صبا_ف |7 0 |9 191779 |a ARA |b ARA |c ST1 |d 2015-05-27 |i 8285 |l 0 |o 811.95367 صبا/ف |p ARA008285 |r 2015-05-27 |w 2015-05-27 |y BK | ||